[Event "Ischia op 5th"]
[Site "Ischia"]
[Date "2013.07.14"]
[Round "1"]
[White "Horvath, Csaba"]
[Black "Vetrov, Gleb"]
[Result "1-0"]
[WhiteElo "2520"]
[BlackElo "2170"]
[PlyCount "75"]
[EventDate "2013.07.14"]
[EventType "swiss"]
[EventRounds "8"]
[EventCountry "ITA"]
[SourceTitle "EXT 2015"]
[Source "ChessBase"]
[SourceDate "2014.11.20"]
[SourceVersion "1"]
[SourceVersionDate "2014.11.20"]
[SourceQuality "1"]

1. d4 d5 2. c4 c6 3. Nf3 Nf6 4. g3 Bf5 5. Qb3 Qb6 6. c5 Qxb3 7. axb3 Na6 8. Bd2 Ne4 9. Ba5 b6 10. Bc3 Nc7 11. b4 f6 12. Bg2 bxc5 13. bxc5 Nb5 14. 0-0 e5 15. e3 Kd7 16. Rc1 Be7 17. b4 Rhb8 18. Be1 Kc7 19. Na3 Bg4 20. Nxb5+ Rxb5 21. dxe5 Bxf3 22. Bxf3 fxe5 23. Bxe4 dxe4 24. Rc4 a5 25. bxa5 Rxc5 26. Rxe4 Rb5 27. Kg2 Kb7 28. Bc3 Bd6 29. Rg4 g6 30. h4 Bc7 31. h5 gxh5 32. Rg7 h6 33. Rd1 Rc5 34. Bb4 Rb5 35. Rdd7 Rxb4 36. Rxc7+ Ka6 37. Rxc6+ Kxa5 38. Rxh6 1-0

[Event "EU-ch U14"]
[Site "Prague"]
[Date "2012.08.25"]
[Round "9"]
[White "Havelka, Josef"]
[Black "Vetrov, Gleb"]
[Result "0-1"]
[WhiteElo "1856"]
[BlackElo "2043"]
[PlyCount "70"]
[EventDate "2012.08.17"]
[EventType "swiss"]
[EventRounds "9"]
[EventCountry "CZE"]
[SourceTitle "CBM 150 Extra"]
[Source "ChessBase"]
[SourceDate "2012.10.19"]
[SourceVersion "1"]
[SourceVersionDate "2012.10.19"]
[SourceQuality "1"]

1. e4 c6 2. d4 d5 3. e5 Bf5 4. Nc3 Qb6 5. g4 Bd7 6. f4 e6 7. Nge2 c5 8. Be3 cxd4 9. Bxd4 Qd8 10. Qd3 Nc6 11. 0-0-0 Nge7 12. Bh3 h5 13. gxh5 Rxh5 14. Bg4 Rh4 15. Qg3 Rxg4 16. Qxg4 Nf5 17. Bf2 Qa5 18. Ng3 Nb4 19. Nxf5 exf5 20. Qg3 Rc8 21. a3 Rxc3 22. bxc3 Qxa3+ 23. Kd2 Nxc2 24. Rc1 Na1 25. Ke2 d4 26. Qd3 Nb3 27. Rcd1 Qb2+ 28. Kf1 Qxc3 29. Bxd4 Qxd3+ 30. Rxd3 Bb5 31. Kf2 Bxd3 32. Bxa7 b5 33. Ke3 Bc2 34. Re1 Ba3 35. Re2 Be4 0-1